000 00296nam a22001217a 4500
999 _c13925
_d13925
020 _a9789811238420
082 _a658
100 _aInderjit Singh Dhaliwal
245 _aThe Art and Science of Entrepreneurship
260 _aSingapore
_bWorld Scientific
_c2022
300 _a494 pages
942 _cBK